000 00440nam a2200145Ia 4500
008 260514s2023 xx 000 0 und d
041 _aeng
082 _a615.19/BAR
_bM-3517
100 _aDR. S.D. BARHATE
245 _aA TEXT BOOK OF MODERN PHARMACEUTICAL ANALYTICAL TECHIQUES
260 _aPUNE
_bS.VIKAS AND COMPANY
_c2023
300 _aP.B/380
650 _aMODERN PHARMACEUTICAL ANALYTICAL TECHNIQUIES
700 _aDR. RAGEEB USMAN
999 _c1221372
_d1221372